000 01274cam a2200253 4500
001 L129150
008 050322n2005 000 0 eng u
020 _a0954736931
035 _a(Sirsi) u129150
041 _aeng
050 _a692.5
_c18
245 _a2005 Wessex small works
_ba guide to estimating
250 _a11th ed.
260 _aPoole
_bWessex
_c2005
300 _aVarious pagings
_c21 x 30cm.
350 _a39.95
520 _aThe 11th edition of this building price book is aimed specifically at those involved in smaller construction projects, such as domestic extensions, using traditional methods and materials. The standard estimates are arranged in four sections: single storey flat roof; single story pitch roof; two storey flat roof; and two storey pitch roof. The text also covers contract documents, preliminaries, cost details and adjustments, alteration work, external works, planning and building regulation fees and basic prices for labour, plant and materials.
520 _aSUPERSEDED by BCIS Wessex small works estimating price book 2006 (ISBN 0954736982)
590 _aIKA290405
650 _aWESSEX BUILDING PRICE BOOKS
690 _aBUILT ENVIRONMENT-BUILDING COSTS
700 _aBarnett, N.P.
_xTechnical Editor
942 _n0
999 _c104114
_d104114